Los rompimientos del Centauro (Record no. 101043)

MARC details
000 -LEADER
campo de control de longitud fija 01723nam a2200457 i 4500
001 - NÚMERO DE CONTROL
campo de control MOR01000101370
003 - IDENTIFICADOR DE NÚMERO DE CONTROL
campo de control $$amxdfmo
005 - FECHA Y HORA DE LA ÚLTIMA TRANSACCIÓN
campo de control 20260331230540.0
008 - DATOS DE LONGITUD FIJA--INFORMACIÓN GENERAL
campo de control de longitud fija 151006s2007 dfmao g i 000 0 spa d
020 ## - NÚMERO INTERNACIONAL ESTÁNDAR DEL LIBRO
Número Internacional Estándar del Libro 9700771792
035 ## - NÚMERO DE CONTROL DEL SISTEMA
Número de control de sistema 152233
040 ## - FUENTE DE CATALOGACIÓN
Centro catalogador/agencia de origen mxcmmo
Lengua de catalogación spa
Centro/agencia transcriptor mxcmmo
Normas de descripción rda
041 0# - CÓDIGO DE IDIOMA
Código de lengua del texto/banda sonora o título independiente spa
043 ## - CÓDIGO DE ÁREA GEOGRÁFICA
Código de área geográfica n-mx---
082 04 - NÚMERO DE LA CLASIFICACIÓN DECIMAL DEWEY
Número de clasificación 930.1
Número de ítem CAR.r
100 1# - ENTRADA PRINCIPAL--NOMBRE DE PERSONA
Nombre de persona Carrasco, David
Término indicativo de función/relación autor
9 (RLIN) 179520
245 14 - MENCIÓN DEL TÍTULO
Título Los rompimientos del Centauro
Resto del título conversaciones con Eduardo Matos Moctezuma/
Mención de responsabilidad, etc. Davíd Carrasco y Leonardo López Luján, entrevistadores ; María Luisa Parra, transcripción
250 ## - MENCION DE EDICION
Mención de edición Primera edición
264 #1 - PRODUCCIÓN, PUBLICACIÓN, DISTRIBUCIÓN, FABRICACIÓN Y COPYRIGHT
Producción, publicación, distribución, fabricación y copyright México:
Nombre del de productor, editor, distribuidor, fabricante Porrúa,
Fecha de producción, publicación, distribución, fabricación o copyright 2007
300 ## - DESCRIPCIÓN FÍSICA
Extensión 173 páginas:
Otras características físicas ilustraciones, fotografías en blanco y negro;
Dimensiones 23 cm
336 ## - TIPO DE CONTENIDO
Término de tipo de contenido texto
Código de tipo de contenido txt
Fuente rdacontent
337 ## - TIPO DE MEDIO
Nombre/término del tipo de medio sin medio
Código del tipo de medio n
Fuente rdamedia
338 ## - TIPO DE SOPORTE
Nombre/término del tipo de soporte volumen
Código del tipo de soporte nc
Fuente rdacarrier
504 ## - NOTA DE BIBLIOGRAFÍA, ETC.
Nota de bibliografía, etc. Nota Incluye índice
546 ## - NOTA DE IDIOMA
Nota de lengua/lenguaje Título original: Breaking through Mexico´s past
561 0# - PROPIEDAD E HISTORIA DE CUSTODIA/NOTA DE PROCEDENCIA
Historial Fondo Gabriel Vargas
600 17 - PUNTO DE ACCESO ADICIONAL DE MATERIA--NOMBRE DE PERSONA
Nombre de persona Matos Moctezuma, Eduardo,
Fechas asociadas al nombre 1940-
Subdivisión general Relatos personales
9 (RLIN) 179521
650 #7 - PUNTO DE ACCESO ADICIONAL DE MATERIA--TÉRMINO DE MATERIA
Término de materia o nombre geográfico como elemento de entrada Arqueología
Subdivisión geográfica México
Subdivisión general Relatos personales
9 (RLIN) 179522
650 #7 - PUNTO DE ACCESO ADICIONAL DE MATERIA--TÉRMINO DE MATERIA
Término de materia o nombre geográfico como elemento de entrada Indios de México
Subdivisión general Antigüedades
-- Relatos personales
9 (RLIN) 179523
700 1# - ENTRADA AGREGADA--NOMBRE PERSONAL
Nombre de persona López Luján, Leonardo
Término indicativo de función/relación autor
9 (RLIN) 57028
700 1# - ENTRADA AGREGADA--NOMBRE PERSONAL
Nombre de persona Parra, María Luisa
Término indicativo de función/relación
9 (RLIN) 179524
900 ## - ELEMENTOS DE DATOS A LOCAL, LDA (RLIN)
Nombre de persona BERENICE
Numeración 30
Títulos y otros términos asociados al nombre 20160111
Lenguaje de la obra MOR01
-- 1204
900 ## - ELEMENTOS DE DATOS A LOCAL, LDA (RLIN)
Nombre de persona BERENICE
Numeración 30
Títulos y otros términos asociados al nombre 20160113
Lenguaje de la obra MOR01
-- 1313
900 ## - ELEMENTOS DE DATOS A LOCAL, LDA (RLIN)
Nombre de persona BERENICE
Numeración 30
Títulos y otros términos asociados al nombre 20160113
Lenguaje de la obra MOR01
-- 1335
900 ## - ELEMENTOS DE DATOS A LOCAL, LDA (RLIN)
Nombre de persona KLASY
Numeración 30
Títulos y otros términos asociados al nombre 20160215
Lenguaje de la obra MOR01
-- 1156
900 ## - ELEMENTOS DE DATOS A LOCAL, LDA (RLIN)
Nombre de persona LUIS
Numeración 02
Títulos y otros términos asociados al nombre 20151006
Lenguaje de la obra MOR01
-- 1523
900 ## - ELEMENTOS DE DATOS A LOCAL, LDA (RLIN)
Nombre de persona LUIS
Numeración 02
Títulos y otros términos asociados al nombre 20151006
Lenguaje de la obra MOR01
-- 1523
900 ## - ELEMENTOS DE DATOS A LOCAL, LDA (RLIN)
Nombre de persona VOBO
Numeración 40
Títulos y otros términos asociados al nombre 20160530
Lenguaje de la obra MOR01
-- 1129
904 ## - ELEMENTOS DE DATOS D LOCAL, LDD (RLIN)
a UPDATE
942 ## - ELEMENTOS DE ENTRADA SECUNDARIOS (KOHA)
Código de la institución [OBSOLETO] BK
901 ## - ELEMENTOS DE DATOS A LOCAL LDA (RLIN)
a batch batch
Holdings
Estatus retirado Estado de pérdida Fuente del sistema de clasificación o colocación Estado de daño No para préstamo Colección Biblioteca de origen Biblioteca actual Ubicación en estantería Fecha de adquisición Fuente de adquisición Número de inventario Total de préstamos Signatura topográfica completa Código de barras Visto por última vez Precio de reemplazo Tipo de ítem Koha
    Clasificación Decimal Dewey     Fondo Gabriel Vargas Biblioteca Nicolas Poussin Biblioteca Nicolas Poussin Regular 11/01/2016   128284   (GV)/930.1 CAR.r 33068001341559 03/09/2024 03/09/2024 Libro préstamo regular